Bosquejos lugareños / (Record no. 68493)

MARC details
000 -LEADER
campo de control de longitud fija 00548nam a22001815i 4500
001 - NÚMERO DE CONTROL
campo de control 68493
003 - IDENTIFICADOR DE NÚMERO DE CONTROL
campo de control ES-MaACL
005 - FECHA Y HORA DE LA ÚLTIMA TRANSACCIÓN
campo de control 20230906170310.0
007 - CAMPO FIJO DE DESCRIPCIÓN FÍSICA--INFORMACIÓN GENERAL
campo de control de longitud fija t|
008 - DATOS DE LONGITUD FIJA--INFORMACIÓN GENERAL
campo de control de longitud fija 960529s1892 sp ||||1| spa d
040 ## - FUENTE DE CATALOGACIÓN
Centro catalogador/agencia de origen CARM
Lengua de catalogación spa
Centro/agencia transcriptor CCPB | SIC
100 1# - ENTRADA PRINCIPAL--NOMBRE DE PERSONA
Nombre de persona Pgarcía.
9 (RLIN) 91645
245 10 - MENCIÓN DEL TÍTULO
Título Bosquejos lugareños /
Mención de responsabilidad, etc. José García Martínez ; con un prólogo de O. Cuartero.
260 ## - PUBLICACIÓN, DISTRIBUCIÓN, ETC.
Lugar de publicación, distribución, etc. Madrid :
Nombre del editor, distribuidor, etc. [s.n.],
Fecha de publicación, distribución, etc. 1892 (
Fabricante Tipografía de Alfredo Alonso)
300 ## - DESCRIPCIÓN FÍSICA
Extensión XIII, 208 p. ;
Dimensiones 18 cm.
700 1# - ENTRADA AGREGADA--NOMBRE PERSONAL
Nombre de persona Cuartero, O.
9 (RLIN) 41916
852 ## - LOCALIZACIÓN
Ubicación ES-MaACL
Número de control de estantería C-3032
Holdings
Estatus retirado Estado de pérdida Estado de daño No para préstamo Colección Biblioteca de origen Biblioteca actual Ubicación en estantería Fecha de adquisición Fuente de adquisición Total de préstamos Signatura topográfica completa Código de barras Visto por última vez Precio de reemplazo Tipo de ítem Koha
        Libros del s. XIX Biblioteca del Ateneo de Madrid Biblioteca del Ateneo de Madrid Sala Palomar 17/01/2008     C-3032 1071701 23/02/2023 23/02/2023 Libro impreso antiguo